| 000 | 01484nam a2200349 c 4500 | ||
|---|---|---|---|
| 003 | BLK | ||
| 005 | 20250321133406.0 | ||
| 008 | 180408b bul|||||r ||||||| ||bul|| | ||
| 010 | _aKNG00054666000 | ||
| 020 |
_a84-9819-031-2 _bиздат.: Mediasat Group, S. A. - (на цялата колекция) |
||
| 040 | _aBLK | ||
| 041 |
_aBUL _cBUL |
||
| 080 |
_aАмериканска литература (на САЩ) _b821.111(73) _x-31 _z821.111(73)-31 |
||
| 700 | 1 |
_aКеруак, Джек _e* _9364623 |
|
| 100 | 1 |
_aКеруак, Джак _eпърви автор _9257354 |
|
| 700 | 1 |
_aШарланджиева, Рада _eпрев. от англ. _9257355 |
|
| 139 |
_aКеруак, Джек _bК 52 |
||
| 245 | 1 | 0 |
_aПо пътя _bРоман _c* Джек Керуак; Джак Керуак; прев. от англ. Рада Шарланджиева. |
| 257 | _aUSA | ||
| 260 |
_аСофия _bMediasat Group, S. A. _c2005 _fОтпеч. в Германия |
||
| 300 |
_a381 с. _c22 см |
||
| 380 | _aX | ||
| 490 | 1 |
_aЗлатна колекция ХХ век _v15 |
|
| 500 | _aОриг. загл. On the Road / Jack Kerouac. - Възприета форма на името на авт. - Джeк Керуак. | ||
| 653 | _aромани | ||
| 852 | _aЦб 224325 | ||
| 856 | 4 |
_qpdf _u |
|
| 856 | 4 |
_qpdf _u |
|
| 942 |
_cKNG _n0 _019 |
||
| 944 |
_aCR _c12.07.2005 _lМинев Младен _k30530 |
||
| 944 |
_aED _c19.12.2014 _lф / _kЛюдмила_Стоянова |
||
| 999 |
_c50785 _d50785 |
||